Places To Study

There are group study rooms, individual study carrels, computer labs, and other spaces to study in the Libraries.

Reserve A Group Room

Online Resources

Access thousands of eBooks, audiobooks, and online journals from the comfort of your home.

Explore Resources

Events and Workshops

Join our upcoming events and workshops to enhance your skills and knowledge.

View Events

လှိုင်မဟာစည် ဒါန၊ သီလ၊ သမထ၊ ဝိပဿနာ ဝတ်ရွတ်စဉ် (မူကြမ်း) / (Record no. 2658)

MARC details
000 -LEADER
fixed length control field 00910nam a22001697a 4500
003 - CONTROL NUMBER IDENTIFIER
control field OSt
005 - DATE AND TIME OF LATEST TRANSACTION
control field 20251204161806.0
008 - FIXED-LENGTH DATA ELEMENTS--GENERAL INFORMATION
fixed length control field 251204b |||||||| |||| 00| 0 eng d
040 ## - CATALOGING SOURCE
Transcribing agency DCL
082 ## - DEWEY DECIMAL CLASSIFICATION NUMBER
Classification number ၂၉၄.၃၄၄၃၃
100 ## - MAIN ENTRY--PERSONAL NAME
Personal name လှိုင်မဟာစည်ဆရာတော်။
245 00 - TITLE STATEMENT
Title လှိုင်မဟာစည် ဒါန၊ သီလ၊ သမထ၊ ဝိပဿနာ ဝတ်ရွတ်စဉ် (မူကြမ်း) /
Remainder of title
Statement of responsibility, etc. လှိုင်မဟာစည်ဆရာတော်။
260 ## - PUBLICATION, DISTRIBUTION, ETC.
Place of publication, distribution, etc. ရန်ကုန် ၊
Name of publisher, distributor, etc. လှိုင်မဟာစည် ဝိပဿနာကျောင်းတိုက်၊
Date of publication, distribution, etc. ၂၀၀၈။
300 ## - PHYSICAL DESCRIPTION
Extent ၈၈ စာမျက်နှာ ၊
Dimensions ၂၂ စင်တီ။
650 ## - SUBJECT ADDED ENTRY--TOPICAL TERM
Topical term or geographic name entry element ဗုဒ္ဓဘာသာ ဝတ်ရွတ်စဉ်
942 ## - ADDED ENTRY ELEMENTS (KOHA)
Source of classification or shelving scheme Dewey Decimal Classification
Koha item type Short Term
Suppress in OPAC No
Holdings
Withdrawn status Lost status Source of classification or shelving scheme Damaged status Not for loan Collection Accession No. Home library Current library Shelving location Date acquired Total checkouts Full call number Date last seen Price effective from Koha item type
    Dewey Decimal Classification     Myanmar Collection ၁၂၃၁ Dhammadhara Dhammadhara Myanmar Shelves 04/12/2025   ၂၉၄.၃၄၄၃၃ လှိုင် ၁၂၃၁ 04/12/2025 04/12/2025 Short Term
    Dewey Decimal Classification     Myanmar Collection ၁၁၉၀ Dhammadhara Dhammadhara Myanmar Shelves 04/12/2025   ၂၉၄.၃၄၄၃၃ လှိုင် ၁၁၉၀ 04/12/2025 04/12/2025 Short Term
    Dewey Decimal Classification     Myanmar Collection ၁၂၃၄ Dhammadhara Dhammadhara Myanmar Shelves 04/12/2025   ၂၉၄.၃၄၄၃၃ လှိုင် ၁၂၃၄ 04/12/2025 04/12/2025 Short Term